000 00355nam a2200145Ia 4500
008 221030s9999 xx 000 0 und d
041 _aEnglish
082 _a105.23
_bAgr
100 _aP. K. Agrawal
245 0 _aI. I. T. Physics
_cby P. K. Agrawal
260 _bKrishna Prakashan
_aNew Delhi
_c1995
300 _a9.292
650 _aPhysics
942 _cBK
999 _c7426
_d7426